Trois morceux, op. 14 pour violon & piano /

Main Author: Laub, Ferdinand, 1832-1875
Other Authors: Feld, Jindřich, 1883-1953
Language: No linguistic content
Published: Prague : Neubert, 1920
Series: Edition Neubert
Physical Description: 4, 11 s.
Musical Score Musical Score
Saved in:
LEADER 00968ncm a22002532a 4500
001 001199305
003 CZ BrMZK
005 20121019070248.0
007 qu
008 120308s1920 xr |||||||||||||||||zxx d
040 |a BOA001  |b cze 
072 7 |a 787  |x Hudba pro strunné a smyčcové nástroje  |2 Konspekt  |9 9 
100 1 |a Laub, Ferdinand,  |d 1832-1875  |7 jn20000720142  |4 cmp 
245 1 0 |a Trois morceux, op. 14  |h [hudebnina] :  |b pour violon & piano /  |c Ferdinand Laub ; nouv. ed. par Jindřich Feld 
260 |a Prague :  |b Neubert,  |c 1920 
300 |a 4, 11 s. 
490 1 |a Edition Neubert ;  |v Nr. 69 
700 1 |a Feld, Jindřich,  |d 1883-1953  |7 ola2001100310  |4 edt 
830 0 |a Edition Neubert 
910 |a BOA001  |b Mus4-0367.959 
990 |a MU 
991 |b 201203 
996 6 |b 2610825807  |c Mus4-0367.959  |l MZK  |r Sklad / do 1 hodiny  |n 0  |p dar  |w 001232772  |u 000020  |a 1  |e BOA001  |j MZK50  |s P 
996 7 |b 2619608367  |c Mus4-0367.959  |l MZK  |r Sklad / do 1 hodiny  |n 0  |w 001232772  |u 000010  |a 1  |e BOA001  |j MZK50  |s A